Multiple Choice - Misspelled Word - Statistics

General Stats
  • This quiz has been taken 72 times
    52 since last reset
  • The average score is 10 of 12
Answer Stats
Question Answer % Correct
What is the misspelled word? Acceptible
100%
What is the misspelled word? Guage
100%
What is the misspelled word? Refered
100%
What is the misspelled word? Potatos
88%
What is the misspelled word? Restaraunt
88%
What is the misspelled word? Succesfull
88%
What is the misspelled word? Amatuer
75%
What is the misspelled word? Hygene
75%
What is the misspelled word? Withold
75%
What is the misspelled word? Carribean
63%
What is the misspelled word? Flourescent
50%
What is the misspelled word? Tyrany
50%
No matching quizzes found
Score Distribution
Percent of People with Each Score
Percentile by Number Answered
Your Score History
You have not taken this quiz since the last reset